| 000 | 00330nam a22001337a 4500 | ||
|---|---|---|---|
| 020 | _a9788131511992 | ||
| 082 |
_a581.5 _bDAV/TE |
||
| 100 |
_aDave, Deekha _aKatewa, S S _9183 |
||
| 245 | _aText Book of Environment and Ecology | ||
| 250 | _a2 | ||
| 260 |
_aUnited Kindom _bCengage Learning _c2010 |
||
| 300 | _a208 | ||
| 942 | _cBK | ||
| 999 |
_c14154 _d14154 |
||